Consultation paper on the consolidation of the Waste Management Licensing Regulations and amendments arising from the Better Waste Regulation exercise (Record no. 110485)

MARC details
000 -LEADER
fixed length control field 01298cad a22002175a 4500
001 - CONTROL NUMBER
control field E149399
008 - FIXED-LENGTH DATA ELEMENTS--GENERAL INFORMATION
fixed length control field 100302s2010 xxk f s000 0 eng d
035 ## - SYSTEM CONTROL NUMBER
System control number (Sirsi) u149399
041 0# - LANGUAGE CODE
Language code of text/sound track or separate title eng
050 04 - LIBRARY OF CONGRESS CALL NUMBER
Classification number 614.76 $2 18
110 2# - MAIN ENTRY--CORPORATE NAME
Corporate name or jurisdiction name as entry element Scotland
Subordinate unit Scottish Government
9 (RLIN) 5344
245 00 - TITLE STATEMENT
Title Consultation paper on the consolidation of the Waste Management Licensing Regulations and amendments arising from the Better Waste Regulation exercise
Medium [electronic resource]
260 ## - PUBLICATION, DISTRIBUTION, ETC.
Place of publication, distribution, etc. Edinburgh
Name of publisher, distributor, etc. Scottish Government
Date of publication, distribution, etc. 2010
520 ## - SUMMARY, ETC.
Summary, etc. A consultation on the consolidation of the Waste Management Licensing Regulations in Scotland. Also suggests the streamlining of the licensing system, a proposal which resulted from the Better Waste Regulation consultation carried out by the Scottish Government and SEPA. It is hoped that the proposals will simplify the law and assist with the implementation of the Zero Waste Plan for Scotland, which is due to be launched in May 2010. Deadline for comments is 21 May 2010.
521 ## - TARGET AUDIENCE NOTE
Target audience note Advanced
590 ## - LOCAL NOTE (RLIN)
Local note KA
651 #4 - SUBJECT ADDED ENTRY--GEOGRAPHIC NAME
Geographic name Scotland
Chronological subdivision 1999-
690 ## - LOCAL SUBJECT ADDED ENTRY--TOPICAL TERM (OCLC, RLIN)
Topical term or geographic name as entry element ENVIRONMENTAL AND LAND CONSULTANCY-WASTE MANAGEMENT
856 40 - ELECTRONIC LOCATION AND ACCESS
Uniform Resource Identifier <a href="https://www.scotland.gov.uk/Publications/2010/02/23140430/0">https://www.scotland.gov.uk/Publications/2010/02/23140430/0</a>
Public note View the consultation free of charge at www.scotland.gov.uk
942 ## - ADDED ENTRY ELEMENTS (KOHA)
Suppress in OPAC 0
Holdings
Withdrawn status Lost status Source of classification or shelving scheme Damaged status Not for loan Home library Current library Shelving location Date acquired Total Checkouts Full call number Barcode Date last seen Copy number Price effective from Koha item type
    Dewey Decimal Classification     Virtual Virtual Online 02/03/2010   ONLINE PUBLICATION 149399-2001 06/08/2019 1 06/08/2019 Book